Quizzes
Events
Quiz Creation
Community
Videos
Private Events
Remove Ads
Sign In
Join for FREE
Feedback
Dark Mode
Quiz Categories
Sports
Geography
Music
Movies
Television
Just For Fun
Miscellaneous
History
Literature
Language
Science
Gaming
Entertainment
Religion
Holiday
For Kids
Quiz Lab
Recent
Popular Today
Quiz Kudos Today
Editor Picks
Curator Picks
Quizzes by...
Day
Popularity
Type
Ratings
Length
Year
Community
Subscriptions
Recent Discussions
Orange Saloon
Badges
Playlists
Quests
Create
Leaderboards
Showdown
Live 5
Trivia Bingo
Activity
Puzzle Library
Sporcle Events
Private Events
Virtual Trivia
Globe League
Become a Host
Pub Owners
SporcleCon
Opinionation
Our Games
Videos
Blog
Mobile Apps
Partnerships
Remove Ads and Go Orange
Feedback
Television
TV Characters
TV Show
Sitcom
Network
Friends
Reality Shows
Cast
South Park
Star Trek
The Simpsons
Doctor Who
Television
TV Characters
TV Show
Sitcom
Network
Friends
Reality Shows
Cast
South Park
Star Trek
The Simpsons
Doctor Who
Random Quiz
Search Sporcle
×
Quiz Lab
Quiz Lab
Television
Seinfeld
Type in answers that appear in a list
Type in answers that appear in a list
Classic
Best Score? Go Orange.
Cryptogram: Seinfeld Characters! Stats
Can you name the Seinfeld characters by solving the cryptogram?
By
Mr_Anchovy
7m
20 Questions
561 Plays
561 Plays
561 Plays
Comments
Comments
Give Quiz Kudos
Give Quiz Kudos
-
- Ratings
hide this ad
Forced Order
Answers have to be entered in order
Answers have to be entered in order
Replay
Link that replays current quiz
Next Quiz
Link to next quiz in quiz playlist
You Got
0%
They Got
Avg Score
53%
Avg Friend Score
Upgrade to see
Score Distribution
Jump to the score distribution portion of the page
Score
0/20
Timer
07:00
0
Plays Today
Cryptogram
Character
% Correct
EXPIRE
Newman
87.2%
ZXCCS JXTEKXHG
Jerry Seinfeld
83.6%
XHRTEX FXEXJ
Elaine Benes
75%
OXNCOX YNJAREDR
George Costanza
71.8%
YNJIN WCRIXC
Cosmo Kramer
67.4%
XJAXHHX YNJAREDR
Estelle Costanza
62.2%
WXEES FRETR
Kenny Bania
60.1%
KCREW YNJAREDR
Frank Costanza
56.5%
INCAS JXTEKXHG
Morty Seinfeld
55.6%
JMJRE CNJJ
Susan Ross
55.6%
Cryptogram
Character
% Correct
MEYHX HXN
Uncle Leo
51.7%
OXNCOX JAXTEFCXEEXC
George Steinbrenner
48.3%
VXHXE JXTEKXHG
Helen Seinfeld
47.1%
GRQTG UMGGS
David Puddy
40.6%
ZRYWTX YVTHXJ
Jackie Chiles
36.2%
HHNSG FCRME
Lloyd Braun
34%
ZRYNUN UXAXCIRE
Jacopo Peterman
33.2%
SXQ WRJJXI
Yev Kassem
32.1%
FRFM FVRAA
Babu Bhatt
32.1%
GNHNCXJ
Dolores
30.3%
Quiz Playlist
Details
Report
Send in Message
Add To Playlist
Classic:
Type in answers that appear in a list
Forced Order:
Answers have to be entered in order
Last Updated: Feb 16, 2017
Quiz Scoreboard
CHALLENGE
Sign Up to Join the Scoreboard
Show All
Scores
Hide
Comments
May contain spoilers
Recently Published
Billboard Blitz: Fleetwood Mac
by CooCooCachoo
Music
15s
Presidents Visiting Landmarks
by Hejman
History
7m
An Introduction to Baseball
by treessimontrees
Sports
5m
More to Explore
Quiz From the Vault
Featured Blog Post
Where Did the Easter Bunny Come From?
hide this ad
You Might Also Like...
Tags
Cryptogram
Seinfeld
Today's Top Quizzes in Television
Browse Television
hide this ad
Today's Top Quizzes in Seinfeld
Browse Seinfeld
Top Contributed Quizzes in Television
1
5-to-1: The Simpsons Families
2
5-to-1: Television Doctors
3
7-to-1: TV Show Settings
4
One Piece Logic Puzzle
5
5-to-1: Streaming Originals
6
Survivor Seasons
7
Survivor Logic Puzzle: Heroes vs. Villains
8
TV Shows by First Names
9
Survivor Season by Logo
10
Survivor Trivia
Explore More
Trending Topics
Kpop
Harry Potter
NBA
Anime
Crossword
Disney
Marvel
WWE
Song
NFL
The Office
Pokémon
Country
Soccer
Puzzle
hide this ad
More By:
Mr_Anchovy
Quiz
Plays
Rating
Category
Featured
Created
Cryptogram: Seinfeld Characters!
561
4.71
Television
Jun 3, 2011
Go to Creator's Profile
Score Distribution
Quiz Creator Spotlight
Mr_Anchovy
Follow
Send a Message
Quizzes Created
-
Created Quiz Play Count
-
More By This Creator
Popular Quizzes Today
1
Find the US States - No Outlines Minefield
2
Find the Countries of Europe - No Outlines Minefield
3
The Countries of the World
4
Find the US States
5
US States
6
Popular People in 1961
7
Risky Map Clicking: Biggest States A-Z
8
Movies - When Are They Set?
More Television Quizzes
TV Shows With Character Name in Title
Quiz Lab
Trending Quizzes
Risky Map Clicking: Least Populous States A-Z
1-10 Letter G Words
1-10 Letter F Words
Risky Map Clicking: Next State Alphabetically
Risky Map Clicking: Biggest States A-Z
Recently Updated
Leaping Animals
pecheneg
Reality TV Shows (A-Z)
bhenderson79
Rickey Henderson's Hall of Fame Teammates
pecheneg
Champions League XIs: Arsenal
pecheneg
Quick Pick: Celebrities in WWE's Hall of Fame
aduchscher
A-Z Keypad Blitz II
pecheneg
Multiple Oscar Actors
pecheneg
Mystery Phrase Blitz: Oscar 'Best Actors'
pecheneg
F. Scott Fitzgerald Novels
LTH
Pick 3 Villains
ddd62291
Trending Topics
Marvel
Disney
Harry Potter
Anime
Kpop
Crossword
NBA
Pokémon
NFL
The Office
Country
WWE
Song
Soccer
Puzzle
Your Account Isn't Verified!
In order to create a playlist on Sporcle, you need to verify the email address you used during registration. Go to your
Sporcle Settings
to finish the process.
Report this User
Report this user for behavior that violates our
Community Guidelines
.
Details:
Send Report
Go to the Sporcle.com Mobile Site →
Comments